000 nam a22 7a 4500
999 _c330010
_d330010
003 NUST
005 20170602132724.0
008 170602b xxu||||| |||| 00| 0 eng d
040 _c0
082 _a155.5491
100 _4Jamil Hussain Syed
245 _aT̤ibb-i nafsiyāt-i Pākistān = Pakistan psychiatry at the turn of millennium : naʼī ṣadī ke moṛ par : tārīk̲h̲ va tajziyah
_cJamil Hussain Syed
260 _aLahore
_bFiction House
_c2014
300 _a264p
942 _2ddc
_cBK